Heat. (Record no. 2733)

MARC details
000 -LEADER
fixed length control field 00305nam a22001097a 4500
005 - DATE AND TIME OF LATEST TRANSACTION
control field 20200923134724.0
008 - FIXED-LENGTH DATA ELEMENTS--GENERAL INFORMATION
fixed length control field 200923b ||||| |||| 00| 0 eng d
040 ## - CATALOGING SOURCE
Transcribing agency CML
245 ## - TITLE STATEMENT
Title Heat.
Statement of responsibility, etc. Efron, A.
260 ## - PUBLICATION, DISTRIBUTION, ETC.
Place of publication, distribution, etc. New York
Name of publisher, distributor, etc. John F. Rider Publisher, Inc.
Date of publication, distribution, etc. 1957
942 ## - ADDED ENTRY ELEMENTS (KOHA)
Source of classification or shelving scheme Dewey Decimal Classification
Koha item type Books
Classification part 536
Call number suffix EFR
Holdings
Withdrawn status Lost status Source of classification or shelving scheme Damaged status Not for loan Collection code Home library Current library Shelving location Date acquired Total Checkouts Full call number Date last seen Price effective from Koha item type
    Dewey Decimal Classification     Natural Sciences & Mathematics Chalimbana Main Library Chalimbana Main Library Natural Sciences & Mathematics 09/23/2020   536 EFR 09/23/2020 09/23/2020 Books

Powered by Koha